Mối quan hệ giữa quyền công dân và quyền con người
Đề tài cung cấp những kiến thức cơ bản về vấn đề quyền con người, quyền công dân giúp cho người đọc có nhận thức đúng đắn về vấn đề. Bao gồm những nội dung : Tổng quan về quyền công dân và quyền con người ; mối quan hệ giữa quy...
Zapisane w:
| 1. autor: | |
|---|---|
| Format: | Książka |
| Język: | Undetermined |
| Wydane: |
Cần Thơ
Trường Đại học Cần Thơ
2008
|
| Hasła przedmiotowe: | |
| Etykiety: |
Dodaj etykietę
Nie ma etykietki, Dołącz pierwszą etykiete!
|
| Thư viện lưu trữ: | Trung tâm Học liệu Trường Đại học Cần Thơ |
|---|
| LEADER | 01155nam a2200217Ia 4500 | ||
|---|---|---|---|
| 001 | CTU_165163 | ||
| 008 | 210402s9999 xx 000 0 und d | ||
| 082 | |a 323.6 | ||
| 082 | |b H103 | ||
| 088 | |a 57T./HĐ.QLKH 2007 | ||
| 100 | |a Huỳnh, Thị Nam Hải | ||
| 245 | 0 | |a Mối quan hệ giữa quyền công dân và quyền con người | |
| 245 | 0 | |c Chủ nhiệm Huỳnh Thị Nam Hải | |
| 260 | |a Cần Thơ | ||
| 260 | |b Trường Đại học Cần Thơ | ||
| 260 | |c 2008 | ||
| 520 | |a Đề tài cung cấp những kiến thức cơ bản về vấn đề quyền con người, quyền công dân giúp cho người đọc có nhận thức đúng đắn về vấn đề. Bao gồm những nội dung : Tổng quan về quyền công dân và quyền con người ; mối quan hệ giữa quyền công dân và quyền con người. | ||
| 650 | |a Human rights,Citizenship,Quyền con người,Quyền công dân | ||
| 904 | |i Trọng Hiếu | ||
| 915 | |a KL | ||
| 980 | |a Trung tâm Học liệu Trường Đại học Cần Thơ | ||